000 01550nam a22003857a 4500
003 CHAP
005 20220329143816.0
008 110919s2011 mx r 00010 spa d
010 _a102130
011 _a103102
035 _a113791
040 _cCHAP
090 _aTesis
100 1 _cMoya Uribe, Eva
_9124359
245 1 0 _aEtiologia del agente causal del tizón foliar en el cultivo de avena (Avena sativa L.) en Valles Altos de México
_h[En línea]
_c/por Eva Moya Uribe
260 _aChapingo, Méx. :
_bEl autor,
_c2011
500 _aPara ver el contenido del material haga clic en la liga
502 _aTesis (Ing. Agr. Esp. en Parasitología Agrícola) -- UACH. Departamento de Parasitología Agrícola
590 _aALEPH
_b10
_c20130110
_lUCH01
_h1542
590 _aBATCH-UPD
_b10
_c20130110
_lUCH01
_h1923
590 _aBATCH-UPD
_b10
_c20130410
_lUCH01
_h0925
590 _aBATCH-UPD
_b10
_c20130914
_lUCH01
_h0435
590 _aBATCH-UPD
_b10
_c20140324
_lUCH01
_h1527
590 _aBATCH-UPD
_b10
_c20141002
_lUCH01
_h0851
590 _aCONVERSION
_b10
_c20130109
_lUCH01
_h1356
650 0 4 _aCercospora.
_921352
650 1 4 _aAvena
_xValles Altos
_zMéxico.
_98550
650 1 4 _aCultivos, zonas de
_xMéxico.
_930399
650 1 4 _aTizón foliar en avena.
_9113449
856 _3Finding aid
_uhttp://10.13.5.2/tesis/113791.pdf
_zTeclea aqui
901 _aBK
942 _cFOLL
949 _aTesis
_bBC
_cTES
_d33724002307363
_eTS2
_fc.2
_gDonaciØn
_h52756
_i113791
_st
949 _aTesis
_bBC
_cTES
_d33724002307405
_eTS1
_gDonaciØn
_h52755
_i113791
_st
999 _c102130
_d102130